The master key system : the complete and unabridged definitive edition of the timeless classic about health, wealth & success

Bibliographic Details
Main Author: Haanel, Charles F. [ (Charles Francis), , b. 1866
Format: Book
Published: Batu Caves, Selangor : Thinker's Library, , c2006
Subjects:

MARC

LEADER 00000cam a2200000 7i4500
001 0000003596
005 20070810.0
020 0 0 |a 9676906778 
090 0 0 |a 158.1   |b HAA 
100 1 0 |a Haanel, Charles F. [  |q (Charles Francis), ,   |d b. 1866 
245 1 4 |a The master key system :   |b the complete and unabridged definitive edition of the timeless classic about health, wealth & success   |c written Charles F. Haanel 
260 0 0 |a Batu Caves, Selangor :   |b Thinker's Library, ,   |c c2006 
300 |a lxiv, 262p. ;   |c 21cm. 
650 0 0 |a New Thought 
650 0 0 |a Psychology, Applied 
650 0 0 |a Success 
999 |a 0000007153   |b Monograph   |c Open Shelf   |e Default branch